[Event "ONJK 2018 B"]
[Site "Borne, Netherlands"]
[Date "2018.08.08"]
[Round "4.8"]
[White "Salomons, Quinten"]
[Black "Heskes, Johan"]
[Result "1-0"]
[WhiteElo "1710"]
[BlackElo "1625"]
[PlyCount "59"]
[EventDate "2018.??.??"]

1. d4 d5 2. Nf3 Nf6 3. c4 c6 4. Nc3 Bf5 5. e3 e6 6. Nh4 Bg4 7. Qb3 b6 8. h3 Bh5
9. g4 Nfd7 10. Nf3 Bg6 11. Bg2 Bd6 12. Bd2 Bd3 13. cxd5 cxd5 14. Nxd5 Bg6 15.
Nc3 Nc6 16. Nb5 Be7 17. Nh4 Bxh4 18. Bxc6 Rc8 19. Nd6+ Kf8 20. Nxc8 Qxc8 21.
Bg2 h5 22. Rc1 Qd8 23. Bb7 Qf6 24. Rf1 Nc5 25. dxc5 hxg4 26. cxb6 g3 27. Rc8+
Ke7 28. Qb4+ Kd7 29. Qb5+ Kd6 30. Bb4# 1-0

[Event "ONJK 2018 B"]
[Site "Borne, Netherlands"]
[Date "2018.08.08"]
[Round "4.9"]
[White "Bonenkamp, Jasper"]
[Black "Molanus, Lennart"]
[Result "1-0"]
[WhiteElo "1684"]
[BlackElo "1603"]
[PlyCount "112"]
[EventDate "2018.??.??"]

1. d4 d5 2. c4 c6 3. Nf3 Nf6 4. Nc3 a6 5. cxd5 cxd5 6. Bg5 Nbd7 7. e3 e6 8. a3
Be7 9. Be2 O-O 10. O-O b5 11. Qc2 Nb6 12. Rfc1 Nc4 13. Nd2 Bb7 14. Bf3 Rc8 15.
Nxc4 bxc4 16. b3 h6 17. Bh4 g5 18. Bg3 g4 19. Be2 Bd6 20. Bh4 h5 21. bxc4 dxc4
22. Qa2 Kg7 23. Bxc4 Bxa3 24. Qxa3 Rxc4 25. Rab1 Rxc3 26. Bxf6+ Kxf6 27. Qxc3
Qc8 28. Qxc8 Rxc8 29. Rxc8 Bxc8 30. Kf1 e5 31. Rb6+ Kf5 32. dxe5 Kxe5 33. Rh6
a5 34. Rxh5+ f5 35. Rh8 Bb7 36. Rb8 Bc6 37. Rb6 Kd5 38. Ke1 Kc5 39. Rxc6+ Kxc6
40. Kd2 Kb5 41. Kc3 Kc5 42. Kb3 Kb5 43. h4 gxh3 44. gxh3 a4+ 45. Ka3 Kc4 46. h4
Kd5 47. Kxa4 Ke5 48. Kb4 f4 49. h5 fxe3 50. fxe3 Kf5 51. Kc5 Kg5 52. Kd6 Kxh5
53. e4 Kh6 54. Kd7 Kg5 55. e5 Kf5 56. e6 Ke4 1-0

[Event "ONJK 2018 B"]
[Site "Borne, Netherlands"]
[Date "2018.08.08"]
[Round "4.10"]
[White "Waardenburg, Marlinde"]
[Black "Vermet, Thomas"]
[Result "1-0"]
[WhiteElo "1665"]
[BlackElo "1600"]
[PlyCount "48"]
[EventDate "2018.??.??"]

1. e4 e5 2. Nf3 Nc6 3. Bb5 a6 4. Ba4 Nf6 5. O-O b5 6. Bb3 Bb7 7. Re1 Bc5 8. c3
d6 9. d4 exd4 10. cxd4 Bb6 11. Bg5 Ne7 12. Nc3 Nd7 13. e5 dxe5 14. Bxe7 Qxe7
15. Nxe5 O-O-O 16. Nxf7 Qf6 17. Nxh8 Bxd4 18. Ne4 Bxe4 19. Rxe4 Bxf2+ 20. Kh1
Nc5 21. Qg4+ Kb8 22. Nf7 Nxb3 23. axb3 Qxf7 24. Rf4 Rd4 1-0

[Event "ONJK 2018 B"]
[Site "Borne, Netherlands"]
[Date "2018.08.08"]
[Round "4.11"]
[White "Ekker, Laurens"]
[Black "Kamp, Aaron"]
[Result "1/2-1/2"]
[WhiteElo "1515"]
[BlackElo "1784"]
[PlyCount "63"]
[EventDate "2018.??.??"]

1. e4 c5 2. c3 Nf6 3. e5 Nd5 4. d4 cxd4 5. cxd4 Nc6 6. Nf3 d6 7. Bc4 Nb6 8. Bb3
Bf5 9. O-O e6 10. Nc3 h6 11. Re1 d5 12. Bc2 Bxc2 13. Qxc2 Be7 14. Be3 O-O 15.
Rac1 Rc8 16. Qe2 Nc4 17. Nd2 N6a5 18. Nxc4 Nxc4 19. Rc2 Qd7 20. Qg4 Kh7 21. Qe2
a6 22. Rec1 b5 23. Nb1 Nxe3 24. Qxe3 Rc4 25. Nd2 Rxc2 26. Rxc2 Rc8 27. Qd3+ Kg8
28. Nb3 Rc7 29. Nc5 Qc8 30. b4 Bxc5 31. dxc5 Rc6 32. a3 1/2-1/2

[Event "ONJK 2018 B"]
[Site "Borne, Netherlands"]
[Date "2018.08.08"]
[Round "4.12"]
[White "Neirynck, Arthur"]
[Black "Broersma, Sven"]
[Result "0-1"]
[WhiteElo "1506"]
[BlackElo "1716"]
[PlyCount "70"]
[EventDate "2018.??.??"]

1. e4 c5 2. Nf3 d6 3. d4 cxd4 4. Nxd4 Nf6 5. Nc3 g6 6. f3 Bg7 7. Be3 O-O 8. Qd2
Nc6 9. O-O-O d5 10. Qe1 e5 11. Nxc6 bxc6 12. exd5 Nxd5 13. Bf2 Bh6+ 14. Kb1
Nxc3+ 15. bxc3 Qa5 16. Ka1 Be6 17. c4 Qa3 18. Rb1 Rfd8 19. Bd3 Bxc4 20. Bxc4
Bd2 21. Rb3 Bxe1 22. Rxa3 Bxf2 23. Bd3 Rab8 24. Rb3 f5 25. Rf1 Bh4 26. g3 Bf6
27. Kb1 c5 28. Rf2 Bg5 29. f4 Bf6 30. Kc1 e4 31. Bc4+ Kg7 32. Rd2 Bd4 33. c3
Be3 34. Rbb2 Rxb2 35. Kxb2 Rxd2+ 0-1

[Event "ONJK 2018 B"]
[Site "Borne, Netherlands"]
[Date "2018.08.08"]
[Round "4.13"]
[White "Huang, Wendy"]
[Black "Meijer, Kim"]
[Result "1/2-1/2"]
[WhiteElo "1648"]
[BlackElo "1114"]
[PlyCount "78"]
[EventDate "2018.??.??"]

1. e4 d5 2. exd5 Nf6 3. Bb5+ Bd7 4. Be2 Nxd5 5. Nf3 Bf5 6. O-O e6 7. a3 c5 8.
d4 Nc6 9. c4 Nf6 10. dxc5 Bxc5 11. Nc3 O-O 12. Qxd8 Rfxd8 13. Bg5 Be7 14. Rad1
Bc2 15. Rc1 Bb3 16. Nd2 Na5 17. Nxb3 Nxb3 18. Rcd1 h6 19. Bf4 Rac8 20. Rxd8+
Rxd8 21. Rd1 Rxd1+ 22. Bxd1 Na5 23. Be2 Nd7 24. Be3 a6 25. b4 Nc6 26. f4 g5 27.
Bf3 Nd8 28. fxg5 Bxg5 29. Bxg5 hxg5 30. Ne4 f6 31. Kf2 Kg7 32. Nd6 b6 33. Nb7
Nxb7 34. Bxb7 a5 35. bxa5 bxa5 36. Ke3 Nc5 37. Bc6 e5 38. g4 Kf7 39. Bd5+ Kg7
1/2-1/2

[Event "ONJK 2018 B"]
[Site "Borne, Netherlands"]
[Date "2018.08.08"]
[Round "4.14"]
[White "Schneider, Daniel"]
[Black "Nopper, Louis"]
[Result "1-0"]
[WhiteElo "1617"]
[BlackElo "1386"]
[PlyCount "67"]
[EventDate "2018.??.??"]

1. d4 d5 2. Bf4 Nc6 3. e3 Bf5 4. c3 Nf6 5. Nf3 e6 6. Nbd2 Bd6 7. Bg3 h6 8. Rc1
Nd7 9. Be2 O-O 10. c4 Be7 11. cxd5 exd5 12. Ne5 Ndxe5 13. Bxe5 Nxe5 14. dxe5 c6
15. O-O Qc7 16. Nf3 Rfe8 17. Qxd5 Be6 18. Qd3 Bxa2 19. Nd4 Qxe5 20. b3 Red8 21.
Qc2 Bd6 22. g3 Bxb3 23. Qxb3 Bc5 24. Qxb7 Bxd4 25. Bc4 Bxe3 26. Qxf7+ Kh7 27.
fxe3 Qxe3+ 28. Qf2 Qg5 29. Qf7 Qe3+ 30. Qf2 Qg5 31. Ba2 h5 32. Rxc6 Rd2 33.
Bb1+ Kg8 34. Qf7+ 1-0

[Event "ONJK 2018 B"]
[Site "Borne, Netherlands"]
[Date "2018.08.08"]
[Round "4.15"]
[White "Tiggelman, Laura"]
[Black "Adema, Marrit"]
[Result "1/2-1/2"]
[WhiteElo "1500"]
[BlackElo "1583"]
[PlyCount "69"]
[EventDate "2018.??.??"]

1. e4 c5 2. Nf3 d6 3. c3 Nc6 4. Bd3 g6 5. Bc2 Bg7 6. d3 Nf6 7. Nbd2 O-O 8. O-O
b5 9. Re1 Nd7 10. Nf1 a5 11. h3 b4 12. Qd2 Bb7 13. d4 Qb6 14. Rd1 Rfc8 15. Ne3
Qa7 16. a3 Qb8 17. dxc5 bxc3 18. bxc3 Nxc5 19. Rb1 Qa7 20. Bb2 Ne5 21. Nxe5
Bxe5 22. Nd5 Bc6 23. c4 Bxb2 24. Rxb2 Rab8 25. Rdb1 Rxb2 26. Rxb2 a4 27. Qb4
Bxd5 28. cxd5 Qa6 29. Qb5 Qa7 30. Qb6 Qd7 31. Qb5 Qa7 32. Qb6 Qd7 33. Qb5 Qc7
34. Qb6 Qd7 35. Qb5 1/2-1/2

[Event "ONJK 2018 B"]
[Site "Borne, Netherlands"]
[Date "2018.08.08"]
[Round "4.16"]
[White "Schelleman, Martijn"]
[Black "Basa, Manasvita"]
[Result "0-1"]
[WhiteElo "1379"]
[BlackElo "1668"]
[PlyCount "70"]
[EventDate "2018.??.??"]

1. e4 e5 2. Nf3 Nc6 3. Bc4 Bc5 4. O-O Nf6 5. Nc3 O-O 6. d3 h6 7. Be3 Bb6 8. Qd2
Kh7 9. Nd5 d6 10. h3 Na5 11. Bb3 Nxd5 12. Bxd5 f5 13. exf5 Bxf5 14. d4 e4 15.
Ne1 c6 16. b4 cxd5 17. bxa5 Bxa5 18. c3 Rc8 19. Rc1 Bd7 20. f3 Qc7 21. fxe4
Rxf1+ 22. Kxf1 dxe4 23. Qc2 Bb5+ 24. Kg1 d5 25. Qf2 Qd7 26. Bd2 Kg8 27. Qg3 Qe6
28. Nc2 Bc7 29. Qe1 Qd6 30. g3 Qg6 31. Kh2 Rf8 32. Qg1 Rf3 33. Be1 Qh5 34. Bf2
Bd7 35. Qg2 Bxh3 0-1

[Event "ONJK 2018 B"]
[Site "Borne, Netherlands"]
[Date "2018.08.08"]
[Round "5.1"]
[White "Wensing, Maximilian"]
[Black "Segers, Job"]
[Result "1-0"]
[WhiteElo "1945"]
[BlackElo "1565"]
[PlyCount "39"]
[EventDate "2018.??.??"]

1. Nf3 Nf6 2. g3 b6 3. Bg2 Bb7 4. O-O e6 5. b3 d5 6. c4 c6 7. Bb2 Bd6 8. Qc2
Nbd7 9. d3 Rc8 10. e4 Qc7 11. Re1 dxe4 12. dxe4 Ne5 13. Nd4 Ned7 14. Nc3 e5 15.
Nf5 O-O 16. Qd2 Bc5 17. Na4 b5 18. Qg5 g6 19. Nxc5 Nxc5 20. Qxf6 1-0

[Event "ONJK 2018 B"]
[Site "Borne, Netherlands"]
[Date "2018.08.08"]
[Round "5.2"]
[White "Kracht, Raphael"]
[Black "Grutter, Tim"]
[Result "1/2-1/2"]
[WhiteElo "2050"]
[BlackElo "1971"]
[PlyCount "51"]
[EventDate "2018.??.??"]

1. e4 c5 2. d4 cxd4 3. c3 d5 4. exd5 Qxd5 5. cxd4 Nc6 6. Nf3 e5 7. Nc3 Bb4 8.
Bd2 Bxc3 9. Bxc3 e4 10. Ne5 Nxe5 11. dxe5 Ne7 12. Qa4+ Bd7 13. Qa3 Qe6 14. Rd1
Bc6 15. Be2 O-O 16. Qd6 Nd5 17. Qxe6 fxe6 18. Bd4 Nf4 19. Rg1 Nxe2 20. Kxe2 Bd5
21. a3 b6 22. Rc1 Rac8 23. Kd2 Kf7 24. Rxc8 Rxc8 25. Rc1 Rxc1 26. Kxc1 1/2-1/2

[Event "ONJK 2018 B"]
[Site "Borne, Netherlands"]
[Date "2018.08.08"]
[Round "5.3"]
[White "Vleming, Stefan"]
[Black "Albertus, Bram"]
[Result "0-1"]
[WhiteElo "1685"]
[BlackElo "1868"]
[PlyCount "190"]
[EventDate "2018.??.??"]

1. d4 d5 2. c4 c6 3. Nf3 Nf6 4. e3 Bg4 5. h3 Bh5 6. g4 Bg6 7. Ne5 e6 8. Qb3 Qc7
9. Nxg6 hxg6 10. Bg2 Nbd7 11. g5 dxc4 12. Qxc4 Nb6 13. Qe2 Nfd5 14. e4 Bb4+ 15.
Kf1 Nf4 16. Qf3 Nxg2 17. Kxg2 O-O-O 18. Bf4 Qe7 19. Rd1 Bd6 20. Nc3 Rh5 21. e5
Bc7 22. Kg3 Rdh8 23. Rh1 Rh4 24. Kg2 Qd7 25. Rad1 Nd5 26. Nxd5 Qxd5 27. Qxd5
exd5 28. Be3 Kd7 29. f4 Ke6 30. Bf2 Rxf4 31. Rd3 Re4 32. Rb3 Bb6 33. Rf1 Re2
34. Kf3 Rc2 35. Kg4 Rc4 36. Kg3 Rf8 37. Bg1 Rc2 38. a4 Rc4 39. a5 Bxd4 40. Bxd4
Rxd4 41. Rxb7 c5 42. Rxa7 Rb4 43. Ra6+ Kxe5 44. Rc6 c4 45. Re1+ Kf5 46. Rf1+
Kxg5 47. Rd6 Rb3+ 48. Rf3 Rxb2 49. Rxd5+ f5 50. Ra3 Rb3+ 51. Rxb3 cxb3 52. Rb5
Ra8 53. Rxb3 Rxa5 54. Rc3 Ra6 55. Rc7 Kf6 56. Rc3 g5 57. Rb3 Kg6 58. Rc3 Kh5
59. Rb3 Re6 60. Rb5 g6 61. Rb8 f4+ 62. Kg2 g4 63. Rh8+ Kg5 64. h4+ Kf5 65. Rf8+
Rf6 66. Ra8 Ke6 67. Ra6+ Kf7 68. Ra7+ Kg8 69. Ra8+ Kh7 70. Ra7+ Kh6 71. Ra8 Rf7
72. Rh8+ Rh7 73. Rf8 g5 74. hxg5+ Kxg5 75. Rg8+ Kh4 76. Rf8 f3+ 77. Kf2 Rg7 78.
Rh8+ Kg5 79. Ra8 Rf7 80. Rb8 Re7 81. Rg8+ Kf5 82. Rf8+ Kg6 83. Rg8+ Kh5 84.
Rh8+ Kg6 85. Rg8+ Rg7 86. Ra8 Kh7 87. Kg3 Rf7 88. Ra2 Kg6 89. Ra1 Kg5 90. Rb1
Rf6 91. Ra1 Rh6 92. Ra5+ Kg6 93. Kxg4 f2 94. Rg5+ Kf7 95. Rf5+ Rf6 0-1

[Event "ONJK 2018 B"]
[Site "Borne, Netherlands"]
[Date "2018.08.08"]
[Round "5.4"]
[White "Kamp, Adrian"]
[Black "Bonenkamp, Jasper"]
[Result "1-0"]
[WhiteElo "1850"]
[BlackElo "1684"]
[PlyCount "113"]
[EventDate "2018.??.??"]

1. e4 c5 2. d4 cxd4 3. c3 d5 4. exd5 Qxd5 5. cxd4 e5 6. Nc3 Qxd4 7. Qxd4 exd4
8. Nb5 Na6 9. Nf3 Nf6 10. Bc4 Bb4+ 11. Bd2 Bxd2+ 12. Nxd2 O-O 13. O-O Rd8 14.
Nb3 d3 15. Rad1 Bf5 16. N5d4 Bg6 17. Bxa6 bxa6 18. Nc6 Re8 19. Rfe1 h6 20. Ne7+
Kh7 21. Nxg6 Rxe1+ 22. Rxe1 Kxg6 23. Nc5 d2 24. Rd1 Rc8 25. Nb3 a5 26. Kf1 a4
27. Nd4 Rc1 28. Ke2 Rxd1 29. Kxd1 Ng4 30. Kxd2 Nxf2 31. Nc6 a6 32. Nb4 Ne4+ 33.
Kd3 Kf5 34. Nxa6 g5 35. b4 Nd6 36. Nc7 Ke5 37. b5 f5 38. b6 h5 39. Nb5 Kd5 40.
Nxd6 Kxd6 41. b7 Kc7 42. b8=Q+ Kxb8 43. Kd4 h4 44. Ke5 f4 45. h3 Kc7 46. Kf5
Kd6 47. Kxg5 Ke5 48. Kxh4 f3 49. gxf3 Kf4 50. Kh5 Kxf3 51. h4 Ke3 52. Kg5 Kd3
53. h5 Kc2 54. h6 Kb2 55. h7 Kxa2 56. h8=Q a3 57. Qc3 1-0

[Event "ONJK 2018 B"]
[Site "Borne, Netherlands"]
[Date "2018.08.08"]
[Round "5.5"]
[White "Vitharana, Annelies"]
[Black "Waardenburg, Marlinde"]
[Result "1/2-1/2"]
[WhiteElo "1769"]
[BlackElo "1665"]
[PlyCount "96"]
[EventDate "2018.??.??"]

1. e4 Nf6 2. e5 Nd5 3. c4 Nb6 4. d4 d6 5. Nf3 g6 6. b3 Bg7 7. exd6 cxd6 8. Bb2
O-O 9. Be2 Nc6 10. O-O d5 11. Na3 Bg4 12. c5 Nc8 13. Nc2 Bxf3 14. Bxf3 e6 15.
Qd2 N8e7 16. Ne3 Qc7 17. b4 Rad8 18. b5 Nb8 19. Bc3 Nd7 20. Rab1 e5 21. Rfc1
exd4 22. Bxd4 Ne5 23. Be2 Rfe8 24. a4 Qc8 25. Qb2 Nf5 26. Nxf5 Qxf5 27. a5 Bh6
28. Rd1 Qe6 29. c6 bxc6 30. Bxa7 cxb5 31. Bxb5 Re7 32. Bc5 Rb7 33. a6 Rbb8 34.
a7 Ra8 35. Ra1 Nc6 36. Re1 Qc8 37. Ba6 Qd7 38. Qb6 Rxa7 39. Bb5 Rc7 40. Re7
Nxe7 41. Bxd7 Rdxd7 42. Ra8+ Bf8 43. g3 Nc8 44. Qa6 Rxc5 45. Rxc8 Rxc8 46. Qxc8
Rd6 47. Qc2 d4 48. Qd3 Bg7 1/2-1/2

[Event "ONJK 2018 B"]
[Site "Borne, Netherlands"]
[Date "2018.08.08"]
[Round "5.6"]
[White "De Man, Luuk"]
[Black "Salomons, Quinten"]
[Result "1/2-1/2"]
[WhiteElo "1653"]
[BlackElo "1710"]
[PlyCount "42"]
[EventDate "2018.??.??"]

1. e4 c5 2. Nf3 e6 3. d4 cxd4 4. Nxd4 a6 5. Nc3 Qc7 6. Be3 Nf6 7. f3 b5 8. a3
Bb7 9. Be2 d6 10. Qd2 Be7 11. h4 Nc6 12. h5 Rc8 13. Nxc6 Bxc6 14. h6 g6 15. Bd3
d5 16. exd5 Nxd5 17. Nxd5 Bxd5 18. Bd4 f6 19. Bc3 Qg3+ 20. Qf2 Qxf2+ 21. Kxf2
Bc5+ 1/2-1/2

[Event "ONJK 2018 B"]
[Site "Borne, Netherlands"]
[Date "2018.08.08"]
[Round "5.7"]
[White "Mainka, Irmin"]
[Black "Boghossian, Wahe"]
[Result "0-1"]
[WhiteElo "1499"]
[BlackElo "1780"]
[PlyCount "116"]
[EventDate "2018.??.??"]

1. e4 c5 2. Nf3 d6 3. d4 cxd4 4. Nxd4 Nf6 5. Nc3 g6 6. Be3 Bg7 7. Bc4 O-O 8.
O-O Nc6 9. Bb3 Ng4 10. Nxc6 bxc6 11. Bd2 Ne5 12. Be3 Qc7 13. h3 a5 14. f4 Nd7
15. Bc4 Rb8 16. Rb1 e6 17. Bd3 c5 18. Qd2 Nf6 19. f5 exf5 20. exf5 c4 21. Be2
Bxf5 22. Kh1 Ne4 23. Nxe4 Bxe4 24. Bf3 Bxf3 25. Rxf3 c3 26. Qd3 cxb2 27. Rff1
Qc3 28. Bf4 Qxd3 29. cxd3 Be5 30. Bxe5 dxe5 31. Rf2 Rfd8 32. Rfxb2 Rxb2 33.
Rxb2 Rxd3 34. Rb5 Ra3 35. Rxe5 Rxa2 36. Kh2 Kg7 37. Kg3 a4 38. Ra5 a3 39. Ra6
Ra1 40. Kg4 h6 41. g3 a2 42. Ra7 Kg8 43. Ra8+ Kh7 44. Ra7 Kg7 45. Kh4 Kg8 46.
Ra8+ Kh7 47. Ra7 Kg7 48. Kg4 h5+ 49. Kg5 Rg1 50. Rxa2 Rxg3+ 51. Kh4 Rc3 52. Ra7
Rf3 53. Ra5 Rf4+ 54. Kg5 Rc4 55. Ra7 Rc1 56. Kh4 Rf1 57. Kg5 Re1 58. Kh4 Kf6
0-1

[Event "ONJK 2018 B"]
[Site "Borne, Netherlands"]
[Date "2018.08.08"]
[Round "5.8"]
[White "Broersma, Sven"]
[Black "Schneider, Daniel"]
[Result "1/2-1/2"]
[WhiteElo "1716"]
[BlackElo "1617"]
[PlyCount "112"]
[EventDate "2018.??.??"]

1. d4 d5 2. c4 e6 3. Nf3 Nf6 4. Nc3 c6 5. e3 Bd6 6. Qc2 Nbd7 7. Bd3 dxc4 8.
Bxc4 e5 9. e4 O-O 10. O-O exd4 11. Nxd4 Bc5 12. Nb3 Bb6 13. Bg5 Re8 14. Rad1 h6
15. Bh4 Qe7 16. Bg3 Ne5 17. Bxe5 Qxe5 18. h3 Qg5 19. Kh1 Qh4 20. Kh2 g5 21. f3
Bc7+ 22. Kg1 Qg3 23. e5 Bxh3 24. Qg6+ Kh8 25. Qxh6+ Nh7 26. Qxh3 Bb6+ 27. Kh1
Qxe5 28. Bd3 Qg7 29. Qxh7+ Qxh7+ 30. Bxh7 Kxh7 31. Rfe1 Rxe1+ 32. Rxe1 Kg6 33.
g4 Rh8+ 34. Kg2 f6 35. Re7 Rd8 36. Rxb7 Re8 37. a4 Re1 38. a5 Rg1+ 39. Kh2 Be3
40. Rc7 Rxg4 41. Rxc6 Bf4+ 42. Kh1 Rg3 43. Ne4 Rh3+ 44. Kg1 Be5 45. Nbc5 Rxf3
46. b4 g4 47. b5 g3 48. Nd7 Kh5 49. Ndxf6+ Kh4 50. Kg2 Ra3 51. Rc5 Ra2+ 52. Kf3
Ra3+ 53. Ke2 Ra2+ 54. Kd3 Ra3+ 55. Ke2 Bxf6 56. Nxf6 g2 1/2-1/2

[Event "ONJK 2018 B"]
[Site "Borne, Netherlands"]
[Date "2018.08.08"]
[Round "5.9"]
[White "Kamp, Aaron"]
[Black "Nies, Levi"]
[Result "1-0"]
[WhiteElo "1784"]
[BlackElo "1576"]
[PlyCount "39"]
[EventDate "2018.??.??"]

1. e4 c5 2. d4 cxd4 3. c3 dxc3 4. Nxc3 Nc6 5. Nf3 e6 6. Bc4 a6 7. O-O b5 8. Bb3
Bb7 9. Qe2 Nge7 10. Bg5 Na5 11. Rfd1 Nxb3 12. axb3 f6 13. Be3 Ng6 14. Nd4 Qb8
15. Rac1 Bb4 16. Qg4 O-O 17. Nf5 Bxc3 18. Rxd7 Bxb2 19. Rxg7+ Kh8 20. Qh5 1-0

[Event "ONJK 2018 B"]
[Site "Borne, Netherlands"]
[Date "2018.08.08"]
[Round "5.10"]
[White "Meijer, Kim"]
[Black "Schaefer, Daniel"]
[Result "0-1"]
[WhiteElo "1114"]
[BlackElo "1739"]
[PlyCount "44"]
[EventDate "2018.??.??"]

1. e4 e5 2. Nf3 Nc6 3. d4 exd4 4. Nxd4 Nf6 5. Nc3 Bb4 6. Nxc6 bxc6 7. Bd2 Qe7
8. Qe2 O-O 9. a3 Ba5 10. O-O-O Re8 11. Re1 Bxc3 12. Bxc3 Qxe4 13. f3 Qf4+ 14.
Bd2 Rxe2 15. Rxe2 Qd6 16. g4 Ba6 17. Bb4 c5 18. Rd2 Qc6 19. Bxa6 cxb4 20. Be2
bxa3 21. bxa3 Qc3 22. Rdd1 Qe3+ 0-1

[Event "ONJK 2018 B"]
[Site "Borne, Netherlands"]
[Date "2018.08.08"]
[Round "5.11"]
[White "Basa, Manasvita"]
[Black "Ekker, Laurens"]
[Result "0-1"]
[WhiteElo "1668"]
[BlackElo "1515"]
[PlyCount "140"]
[EventDate "2018.??.??"]

1. e4 e5 2. Nf3 Nc6 3. Bc4 Nf6 4. d3 Bc5 5. O-O d6 6. h3 Be6 7. Bb3 Bxb3 8.
axb3 O-O 9. Bg5 h6 10. Bh4 Re8 11. Nc3 a6 12. Nd5 g5 13. Bg3 Nxd5 14. exd5 Ne7
15. d4 exd4 16. Nxd4 Qd7 17. c4 Nf5 18. Nxf5 Qxf5 19. Qd2 Re7 20. Rfe1 Rae8 21.
Rxe7 Rxe7 22. Rc1 Qe4 23. b4 Qd4 24. Qc3 Qxc3 25. bxc3 Ba7 26. Kf1 f5 27. f3
Kf7 28. b5 a5 29. Ra1 Bb6 30. Bf2 Bxf2 31. Kxf2 b6 32. g3 Kf6 33. Ra2 h5 34.
Ra1 g4 35. h4 gxf3 36. Kxf3 Re4 37. Ra4 Re1 38. Kf4 Rf1+ 39. Ke3 Ke5 40. Ra3
f4+ 41. Ke2 Rg1 42. gxf4+ Kxf4 43. c5 dxc5 44. Ra4+ Kf5 45. Ke3 Rg4 46. Ra1
Rxh4 47. Rg1 Rg4 48. Rh1 h4 49. Rf1+ Ke5 50. Rf7 Kxd5 51. Rxc7 Rg6 52. Rh7 Rg3+
53. Kd2 h3 54. Kc2 Kc4 55. Rh4+ Kxb5 56. Kb3 a4+ 57. Kb2 Rg2+ 58. Ka3 h2 59.
Rh3 Ka5 60. c4 Rg3+ 61. Rxg3 h1=Q 62. Rg2 Qh3+ 63. Kb2 Qxg2+ 64. Kc3 Qf3+ 65.
Kb2 Kb4 66. Kc2 Qc3+ 67. Kd1 Qb2 68. Ke1 a3 69. Kf1 a2 70. Kg1 a1=R# 0-1

[Event "ONJK 2018 B"]
[Site "Borne, Netherlands"]
[Date "2018.08.08"]
[Round "5.12"]
[White "Hungeling, David"]
[Black "Huang, Wendy"]
[Result "1/2-1/2"]
[WhiteElo "1509"]
[BlackElo "1648"]
[PlyCount "72"]
[EventDate "2018.??.??"]

1. e4 c5 2. Nf3 d6 3. Bb5+ Bd7 4. Bxd7+ Qxd7 5. c4 Nc6 6. Nc3 Nf6 7. O-O g6 8.
d4 cxd4 9. Nxd4 Bg7 10. Be3 O-O 11. h3 Rac8 12. b3 e6 13. Rc1 Rfd8 14. Qc2 d5
15. exd5 exd5 16. Nce2 Nxd4 17. Bxd4 dxc4 18. Bxa7 cxb3 19. Qxb3 Rxc1 20. Rxc1
Qd2 21. Qc2 h6 22. Be3 Qxc2 23. Rxc2 Rd1+ 24. Kh2 Kh7 25. Rc7 Ng4+ 26. hxg4
Be5+ 27. Bf4 Bxc7 28. Bxc7 Rd2 29. Nc3 Rxf2 30. a3 Rb2 31. Bd6 Rc2 32. Bb4 f5
33. gxf5 gxf5 34. Nd5 Kg6 35. Kg3 Rb2 36. Nf4+ Kf7 1/2-1/2

[Event "ONJK 2018 B"]
[Site "Borne, Netherlands"]
[Date "2018.08.08"]
[Round "5.13"]
[White "Heskes, Johan"]
[Black "Tiggelman, Laura"]
[Result "0-1"]
[WhiteElo "1625"]
[BlackElo "1500"]
[PlyCount "56"]
[EventDate "2018.??.??"]

1. d4 Nf6 2. c4 g6 3. Nc3 Bg7 4. Bf4 d6 5. Nf3 O-O 6. e4 Nbd7 7. Bd3 Re8 8. Bd2
e5 9. d5 Nc5 10. Bc2 a5 11. O-O Nh5 12. Re1 Nf4 13. Bxf4 exf4 14. Na4 Nd7 15.
Qd2 g5 16. Rad1 Qf6 17. Nc3 g4 18. Nd4 Ne5 19. b3 Bh6 20. f3 Qg6 21. Kh1 Qh5
22. Rf1 Kh8 23. Rde1 Rg8 24. Bd1 g3 25. h3 Bxh3 26. gxh3 Qxh3+ 27. Kg1 g2 28.
Rf2 Qh1# 0-1

[Event "ONJK 2018 B"]
[Site "Borne, Netherlands"]
[Date "2018.08.08"]
[Round "5.14"]
[White "Molanus, Lennart"]
[Black "Joosse, Xander"]
[Result "1-0"]
[WhiteElo "1603"]
[BlackElo "1471"]
[PlyCount "107"]
[EventDate "2018.??.??"]

1. d4 d5 2. c4 c6 3. Nf3 Nf6 4. Nc3 Bf5 5. Bg5 Nbd7 6. cxd5 cxd5 7. Qb3 Nb6 8.
e3 e6 9. Bb5+ Nbd7 10. Ne5 Be7 11. Bxf6 gxf6 12. Nxd7 Rc8 13. Nb6+ Rc6 14.
Bxc6+ bxc6 15. Nba4 Rg8 16. g3 Bh3 17. Qb7 Bg2 18. Qxc6+ Kf8 19. Rg1 Bf3 20.
Nc5 Rg6 21. Ne2 Qa5+ 22. Nc3 Qd8 23. Qd7 Qb6 24. Qb7 Bxc5 25. Qc8+ Kg7 26. Qxc5
Qxb2 27. Rb1 Qc2 28. Qa3 h5 29. Qc1 Qd3 30. Qd2 Qc4 31. a3 a5 32. Rb5 h4 33.
Rc5 Qb3 34. Qa2 Qb6 35. Kd2 Qa6 36. Qb3 e5 37. Qb5 Qe6 38. Qxa5 Qf5 39. Qd8
exd4 40. exd4 Rg4 41. Rc8 Rxd4+ 42. Kc1 Qg5+ 43. Kb2 Qd2+ 44. Kb3 Rc4 45. gxh4+
Bg4 46. Qh8+ Kg6 47. Rg8+ Kf5 48. Qh7+ Ke5 49. Re8+ Be6 50. Qc2 Qd4 51. Qe2+
Kd6 52. Nb5+ Kd7 53. Nxd4 Rxd4 54. Qb5+ 1-0

[Event "ONJK 2018 B"]
[Site "Borne, Netherlands"]
[Date "2018.08.08"]
[Round "5.15"]
[White "Vermet, Thomas"]
[Black "Monteny, Pascalle"]
[Result "0-1"]
[WhiteElo "1600"]
[BlackElo "1433"]
[PlyCount "46"]
[EventDate "2018.??.??"]

1. e4 e5 2. f4 d6 3. Nf3 Nc6 4. Bc4 Be7 5. O-O Nf6 6. d3 O-O 7. c3 Re8 8. b4
Bf8 9. a3 a6 10. Re1 b5 11. Bb3 Bb7 12. Ra2 Nb8 13. h3 Nbd7 14. g4 Nb6 15. Rg2
Nfd7 16. f5 c5 17. g5 d5 18. g6 fxg6 19. fxg6 h6 20. Ree2 c4 21. Bc2 Nf6 22.
Qe1 cxd3 23. Bxd3 dxe4 0-1

[Event "ONJK 2018 B"]
[Site "Borne, Netherlands"]
[Date "2018.08.08"]
[Round "5.16"]
[White "Adema, Marrit"]
[Black "Tiemens, Tygo"]
[Result "1-0"]
[WhiteElo "1583"]
[BlackElo "1415"]
[PlyCount "65"]
[EventDate "2018.??.??"]

1. d4 e6 2. c4 Nf6 3. Nc3 Bb4 4. Qc2 d5 5. Bf4 Nc6 6. Nf3 O-O 7. e3 Bd7 8. Bd3
Qe7 9. O-O Bd6 10. Bg5 h6 11. Bxf6 Qxf6 12. cxd5 Nb4 13. Qd2 Nxd3 14. dxe6 Bxe6
15. Qxd3 Qg6 16. Qxg6 fxg6 17. Nb5 Rfd8 18. Rfc1 c6 19. Nxd6 Rxd6 20. a4 a5 21.
Rc3 b5 22. Ne5 Bd5 23. Rc5 Rb8 24. axb5 a4 25. Nxc6 Rb6 26. Ne7+ Kh7 27. Nxd5
Rb8 28. Rxa4 Rd7 29. b6 Rxd5 30. Rxd5 Rxb6 31. b4 Rb7 32. h3 g5 33. b5 1-0

[Event "ONJK 2018 B"]
[Site "Borne, Netherlands"]
[Date "2018.08.09"]
[Round "6.1"]
[White "Grutter, Tim"]
[Black "Wensing, Maximilian"]
[Result "1/2-1/2"]
[WhiteElo "1971"]
[BlackElo "1945"]
[PlyCount "67"]
[EventDate "2018.??.??"]

1. Nf3 Nf6 2. g3 g6 3. Bg2 Bg7 4. O-O O-O 5. c4 c6 6. Nc3 d5 7. cxd5 cxd5 8. d4
Ne4 9. Ne5 Nxc3 10. bxc3 Nc6 11. Nd3 Na5 12. e4 dxe4 13. Bxe4 Bd7 14. Nb4 Rc8
15. Qf3 Nc6 16. Ba3 Qa5 17. Nc2 Rfe8 18. Rab1 b6 19. Qd3 Bf5 20. Bxf5 Qxf5 21.
Qxf5 gxf5 22. Ne3 e6 23. d5 Ne5 24. Rbc1 Nc4 25. Nxc4 Rxc4 26. Rfd1 exd5 27.
Rxd5 f4 28. gxf4 Rxc3 29. Rxc3 Bxc3 30. Rd7 Re2 31. Rxa7 Bd4 32. Kg2 Rxf2+ 33.
Kg3 Rc2 34. Bd6 1/2-1/2

[Event "ONJK 2018 B"]
[Site "Borne, Netherlands"]
[Date "2018.08.09"]
[Round "6.2"]
[White "Albertus, Bram"]
[Black "Kamp, Adrian"]
[Result "1/2-1/2"]
[WhiteElo "1868"]
[BlackElo "1850"]
[PlyCount "55"]
[EventDate "2018.??.??"]

1. e4 c5 2. Nf3 d6 3. Bb5+ Bd7 4. Bxd7+ Qxd7 5. c4 Nc6 6. Nc3 g6 7. d4 cxd4 8.
Nxd4 Bg7 9. Nde2 Nf6 10. f3 O-O 11. Be3 Ne5 12. b3 Rfc8 13. Rc1 Qd8 14. O-O
Nfd7 15. Qd2 Nc5 16. Rcd1 b6 17. h3 Rab8 18. Nc1 Rb7 19. f4 Nc6 20. N1e2 Rd7
21. g4 a6 22. Kg2 Bh8 23. Rh1 e6 24. g5 Rcc7 25. h4 Qf8 26. h5 Rb7 27. Ng3 Qg7
28. Nce2 1/2-1/2